000 00247nam a22000857a 4500
008 161017b xxu||||| |||| 00| 0 eng d
100 _9863
_aOlympiad
245 _aOlympiad Excellence Guide (Mathematics-8)
260 _aNew Delhi
_b3.Genx Publications
_c2016
999 _c3516
_d3516